| 000 | 00838nam a22002777a 4500 | ||
|---|---|---|---|
| 003 | UA-OsUOA | ||
| 001 | 31097 | ||
| 007 | ta | ||
| 008 | 20041202b un ||||| |||| 00| 0 ukr d | ||
| 100 | _aЧеботаренко Г. Ф. | ||
| 700 | _aЯровой Е. В. | ||
| 700 | _aТельнов Н. П. | ||
| 090 |
_a903.5 _bЧ-34 |
||
| 942 | _cBK | ||
| 040 |
_aUA-OsUOA _brus _cUA-OsUOA _dUA-OsUOA |
||
| 245 |
_aКурганы Буджакской степи _cГ. Ф. Чеботаренко, Е. В. Яровой, Н. П. Тельнов; Ред. Н. Я. МерпертРед. Н. Я.Мерперт |
||
| 300 |
_a212 с. _bІлюстрації |
||
| 955 | _a0 | ||
| 041 | _arus | ||
| 080 | _a903.5 | ||
| 020 | _a5-376-00109-1 | ||
| 260 |
_aКишинев _bШтиинца _c1989 |
||
| 044 | _aMD | ||
| 650 | 7 | _2UDC | |
| 999 |
_c317518 _d317518 |
||